000 00314nam a2200133Ia 4500
008 220204s9999 xx 000 0 und d
082 _a581
_bBOW
100 _aBOWER, F O
245 0 _aBotany of the living plant
260 _aNew York
_bHafner
_c1969
650 _aAngiosperm
650 _aBryophyta
942 _cBK
999 _c28486
_d28486